[Event "31st Bulgarian Open Chmpionshi"]
[Site "Plovdiv, Bulgaria"]
[Date "2009.02.01"]
[Round "1.1"]
[White "Georgiev, Emil"]
[Black "Spasov, Vasil"]
[Result "0-1"]
[WhiteElo "1726"]
[BlackElo "2595"]
[PlyCount "32"]
[EventDate "2009.02.01"]

1. e4 c5 2. Nf3 Nc6 3. d4 cxd4 4. Nxd4 Nf6 5. Nc3 e5 6. Nde2 Bc5 7. Ng3 d6 8.
Qd2 O-O 9. Bc4 Be6 10. Bxe6 fxe6 11. O-O Ng4 12. Nd1 Qh4 13. h3 Qxg3 14. hxg4
Qxg4 15. Nc3 Nd4 16. Kh1 Nf3 0-1

[Event "31st Bulgarian Open Chmpionshi"]
[Site "Plovdiv, Bulgaria"]
[Date "2009.02.01"]
[Round "1.2"]
[White "Radulski, Julian"]
[Black "Sahinidis, Evagelos"]
[Result "1-0"]
[WhiteElo "2579"]
[BlackElo "1723"]
[PlyCount "63"]
[EventDate "2009.02.01"]

1. e4 c5 2. Nc3 Nc6 3. g3 d6 4. Bg2 g6 5. d3 Bg7 6. f4 Nf6 7. Nf3 O-O 8. O-O
Rb8 9. h3 e6 10. Be3 b6 11. d4 cxd4 12. Nxd4 Nxd4 13. Bxd4 Bb7 14. Qd3 d5 15.
e5 Nd7 16. Rae1 a6 17. g4 Qc7 18. Qe3 Rfe8 19. h4 f6 20. h5 fxe5 21. fxe5 gxh5
22. gxh5 h6 23. Rf4 Rf8 24. Rg4 Kh8 25. Rg6 Rf7 26. Rxe6 Bc6 27. Rxh6+ Kg8 28.
Rxc6 Qxc6 29. Bxd5 Qh6 30. Qxh6 Bxh6 31. Bxf7+ Kxf7 32. e6+ 1-0

[Event "31st Bulgarian Open Chmpionshi"]
[Site "Plovdiv, Bulgaria"]
[Date "2009.02.01"]
[Round "1.3"]
[White "Gradevska, Desislava"]
[Black "Chatalbashev, Boris"]
[Result "0-1"]
[WhiteElo "1721"]
[BlackElo "2560"]
[PlyCount "66"]
[EventDate "2009.02.01"]

1. c4 b6 2. Nc3 Bb7 3. e4 e6 4. Nf3 Nf6 5. d3 d5 6. cxd5 exd5 7. e5 Nfd7 8. d4
Be7 9. Bd3 c5 10. Be3 O-O 11. Qc2 h6 12. O-O cxd4 13. Bxd4 Nc5 14. Bxc5 bxc5
15. Rad1 d4 16. Ne4 Na6 17. a3 Nc7 18. Nfd2 Bxe4 19. Bxe4 Rb8 20. Nc4 Nd5 21.
f4 Qd7 22. Rf3 f5 23. exf6 Bxf6 24. Bf5 Qe7 25. Be4 Ne3 26. Nxe3 dxe3 27. Rxe3
Kh8 28. Rf3 Rxb2 29. Qd3 Re8 30. Re1 Bd4+ 31. Kh1 Bf2 32. Rxf2 Rxf2 33. Qe3
Qxe4 0-1

[Event "31st Bulgarian Open Chmpionshi"]
[Site "Plovdiv, Bulgaria"]
[Date "2009.02.01"]
[Round "1.4"]
[White "Rusev, Krasimir"]
[Black "Harizanova, Marina"]
[Result "1-0"]
[WhiteElo "2546"]
[BlackElo "1679"]
[PlyCount "39"]
[EventDate "2009.02.01"]

1. d4 d5 2. Nf3 Nf6 3. c4 c6 4. Nc3 dxc4 5. e3 g6 6. Bxc4 Bg7 7. h3 O-O 8. O-O
b5 9. Bb3 Bb7 10. a3 Nbd7 11. e4 a6 12. e5 Nd5 13. e6 fxe6 14. Ng5 Qb6 15. Nxe6
Rfe8 16. Qe2 Kh8 17. Ne4 N7f6 18. N4g5 h6 19. Nf7+ Kh7 20. Bc2 1-0

[Event "31st Bulgarian Open Chmpionshi"]
[Site "Plovdiv, Bulgaria"]
[Date "2009.02.01"]
[Round "1.5"]
[White "Kovachev, Radoslav"]
[Black "Vasilev, Milen"]
[Result "0-1"]
[WhiteElo "1672"]
[BlackElo "2502"]
[PlyCount "50"]
[EventDate "2009.02.01"]

1. e4 c5 2. Nf3 d6 3. Bc4 Nc6 4. Nc3 Nf6 5. d3 Bg4 6. Be3 e6 7. Bb3 Be7 8. a3
O-O 9. h3 Bh5 10. g4 Bg6 11. Nh2 d5 12. exd5 exd5 13. Ne2 d4 14. Bd2 b5 15. O-O
c4 16. dxc4 d3 17. Nf4 bxc4 18. Nxg6 cxb3 19. Nxe7+ Qxe7 20. cxb3 Nd4 21. Bb4
Ne2+ 22. Kg2 Qb7+ 23. Nf3 Nd5 24. Kh2 Nxb4 25. Ne5 Qc7 0-1

[Event "31st Bulgarian Open Chmpionshi"]
[Site "Plovdiv, Bulgaria"]
[Date "2009.02.01"]
[Round "1.6"]
[White "Antic, Dejan"]
[Black "Kipraki, Nikoleta"]
[Result "1-0"]
[WhiteElo "2495"]
[BlackElo "1661"]
[PlyCount "39"]
[EventDate "2009.02.01"]

1. d4 c6 2. c4 d5 3. cxd5 cxd5 4. Bf4 Nf6 5. Nc3 Nc6 6. e3 a6 7. Rc1 Bf5 8. Nf3
e6 9. Qb3 Na5 10. Qa4+ Nc6 11. Ne5 Rc8 12. Nxc6 Rxc6 13. Bxa6 Qb6 14. Bb5 Be7
15. Bxc6+ bxc6 16. Qa8+ Bd8 17. Qb8 Qa5 18. Qd6 Ne4 19. Qxc6+ Ke7 20. f3 1-0

[Event "31st Bulgarian Open Chmpionshi"]
[Site "Plovdiv, Bulgaria"]
[Date "2009.02.01"]
[Round "1.7"]
[White "Rajchev, Rostislav"]
[Black "Stanojoski, Zvonko"]
[Result "1/2-1/2"]
[WhiteElo "1659"]
[BlackElo "2493"]
[PlyCount "50"]
[EventDate "2009.02.01"]

1. Nf3 c5 2. g3 g6 3. Bg2 Bg7 4. O-O Nc6 5. d3 e6 6. e4 Nge7 7. Nbd2 O-O 8. c3
d5 9. Re1 Qc7 10. Nf1 Rd8 11. Qe2 b6 12. h4 dxe4 13. dxe4 a5 14. Bg5 Ba6 15.
Qc2 Bd3 16. Qc1 a4 17. Bh6 Bh8 18. h5 a3 19. hxg6 hxg6 20. N1h2 axb2 21. Qxb2
Ne5 22. Nxe5 Qxe5 23. Rac1 Qh5 24. Be3 Rab8 25. Bf3 Qh7 1/2-1/2

[Event "31st Bulgarian Open Chmpionshi"]
[Site "Plovdiv, Bulgaria"]
[Date "2009.02.01"]
[Round "1.9"]
[White "Serefidou, Despina"]
[Black "Georgiev, Krum"]
[Result "0-1"]
[WhiteElo "1609"]
[BlackElo "2465"]
[PlyCount "84"]
[EventDate "2009.02.01"]

1. e4 c5 2. Nf3 d6 3. d4 cxd4 4. Nxd4 Nf6 5. Nc3 Bd7 6. Be3 Nc6 7. f3 e6 8. Be2
a6 9. a4 Be7 10. Qd2 O-O 11. O-O Rc8 12. Nb3 Qc7 13. a5 Ne5 14. Bb6 Nc4 15.
Bxc4 Qxc4 16. Rfd1 e5 17. Rac1 Be6 18. Ra1 Nd7 19. Be3 g6 20. Bg5 f6 21. Bh4
Rf7 22. Nc1 Bf8 23. N1e2 f5 24. exf5 gxf5 25. Bf2 Rg7 26. Kh1 Rg6 27. Qd3 f4
28. Qxc4 Bxc4 29. Rd2 Be7 30. Ra4 Kf7 31. Ra1 Rc6 32. Rad1 Bd8 33. Ra1 Bc7 34.
Ra4 Rh6 35. Rb4 Bxa5 36. Rxb7 Ke6 37. b4 Rc7 38. Rxc7 Bxc7 39. Na4 d5 40. Nb2
Bb5 41. Nc3 Bc6 42. Nba4 d4 0-1

[Event "31st Bulgarian Open Chmpionshi"]
[Site "Plovdiv, Bulgaria"]
[Date "2009.02.01"]
[Round "1.10"]
[White "Janev, Evgeni"]
[Black "Batzolis, Georgios"]
[Result "1-0"]
[WhiteElo "2454"]
[BlackElo "1606"]
[PlyCount "51"]
[EventDate "2009.02.01"]

1. e4 e6 2. d4 d5 3. Nd2 Nf6 4. e5 Nfd7 5. Bd3 c5 6. c3 Nc6 7. Ne2 Be7 8. O-O
O-O 9. Nf3 cxd4 10. cxd4 Qb6 11. a3 f6 12. exf6 Nxf6 13. Nc3 Kh8 14. Be3 Qd8
15. Ne5 a6 16. f4 Bd7 17. Rf3 Qe8 18. Rh3 Kg8 19. Qf3 g6 20. Qg3 Kg7 21. Rf1
Ng8 22. Rxh7+ Kxh7 23. Bxg6+ Kh8 24. Qh3+ Kg7 25. Qh7+ Kf6 26. Ng4# 1-0

[Event "31st Bulgarian Open Chmpionshi"]
[Site "Plovdiv, Bulgaria"]
[Date "2009.02.01"]
[Round "1.11"]
[White "Drakaki, Anna-Maria"]
[Black "Marholev, Dimitar"]
[Result "0-1"]
[WhiteElo "1596"]
[BlackElo "2449"]
[PlyCount "74"]
[EventDate "2009.02.01"]

1. e4 e5 2. Bc4 Nf6 3. d3 Nc6 4. Nf3 h6 5. O-O d6 6. h3 g6 7. c3 Bg7 8. Re1 O-O
9. d4 Nh7 10. Be3 Ng5 11. Nxg5 hxg5 12. d5 Nb8 13. Be2 f5 14. f3 Nd7 15. Qc1
Bh6 16. Nd2 Kg7 17. Nf1 Rh8 18. b4 Nf6 19. exf5 gxf5 20. Bxg5 Bxg5 21. Qxg5+
Kf7 22. Rad1 Rh5 23. Qd2 f4 24. Nh2 Bxh3 25. gxh3 Rxh3 26. Bf1 Rg3+ 27. Bg2 Qh8
28. Re2 Rag8 29. Kh1 R3g5 30. Rg1 Nh5 31. Rge1 Ng3+ 32. Kg1 Qh4 33. Ng4 Rh8 34.
Bh3 Nxe2+ 35. Rxe2 Qxh3 36. Rg2 Qxf3 37. Qf2 Qd1+ 0-1

[Event "31st Bulgarian Open Chmpionshi"]
[Site "Plovdiv, Bulgaria"]
[Date "2009.02.01"]
[Round "1.12"]
[White "Popchev, Milko"]
[Black "Papathanasiou, Elisavet"]
[Result "1-0"]
[WhiteElo "2443"]
[BlackElo "1584"]
[PlyCount "181"]
[EventDate "2009.02.01"]

1. d4 d5 2. Bg5 c6 3. c3 Bf5 4. Nd2 Nd7 5. e3 Ngf6 6. f4 h6 7. Bh4 Qb6 8. Qb3
Qxb3 9. axb3 e6 10. Ngf3 Be7 11. b4 Ne4 12. Nb3 g5 13. Bf2 g4 14. Nfd2 Ndf6 15.
Bh4 Rg8 16. g3 Nxd2 17. Nxd2 Ne4 18. Bxe7 Kxe7 19. Bg2 Nxd2 20. Kxd2 a6 21.
Rhe1 Be4 22. Bxe4 dxe4 23. Ra5 f5 24. c4 Rad8 25. Rh1 h5 26. h4 Rd7 27. Kc3 Kd6
28. Re5 Rf8 29. Ra1 Rff7 30. Raa5 Rc7 31. Kb3 Rcd7 32. b5 axb5 33. cxb5 cxb5
34. Rexb5 Kc6 35. Rc5+ Kd6 36. Re5 Rf6 37. Rab5 Kc7 38. Rec5+ Kb8 39. Rb6 Ka7
40. Rb4 Rd6 41. Rc7 Rb6 42. Rh7 Rxb4+ 43. Kxb4 Rf8 44. Kc3 Rc8+ 45. Kd2 Rc6 46.
Rxh5 b5 47. Rh7+ Kb6 48. h5 b4 49. Rh6 Kb7 50. Rh7+ Kb6 51. h6 b3 52. Re7 Rc2+
53. Kd1 Rxb2 54. Rxe6+ Kc7 55. Kc1 Rh2 56. Rg6 Kb7 57. Kb1 Kc7 58. Rf6 Rh3 59.
Rf7+ Kb6 60. h7 Rh2 61. Kc1 Rc2+ 62. Kb1 Rh2 63. Rxf5 Rxh7 64. Re5 Rh3 65. Rxe4
Rxg3 66. Kb2 Rf3 67. Kxb3 g3 68. Kc4 g2 69. Re6+ Kc7 70. Rg6 Rxe3 71. Rxg2 Rf3
72. Rg7+ Kd6 73. Rg4 Rf1 74. Rh4 Rc1+ 75. Kd3 Rd1+ 76. Ke4 Re1+ 77. Kf5 Kd5 78.
Rh8 Kxd4 79. Rd8+ Kc5 80. Kf6 Ra1 81. f5 Ra6+ 82. Ke5 Ra1 83. Rc8+ Kb6 84. f6
Re1+ 85. Kd6 Rd1+ 86. Ke7 Re1+ 87. Kf8 Rh1 88. Rc2 Rf1 89. f7 Kb7 90. Re2 Kc8
91. Ke7 1-0

[Event "31st Bulgarian Open Chmpionshi"]
[Site "Plovdiv, Bulgaria"]
[Date "2009.02.01"]
[Round "1.13"]
[White "Vasileva, Veronika"]
[Black "Lilov, Valeri"]
[Result "0-1"]
[WhiteElo "1570"]
[BlackElo "2443"]
[PlyCount "34"]
[EventDate "2009.02.01"]

1. d4 f5 2. Nf3 Nf6 3. c4 g6 4. Nc3 Bg7 5. e3 O-O 6. Bd3 d6 7. O-O Re8 8. e4 e5
9. d5 a5 10. Qc2 Na6 11. exf5 Nb4 12. Qe2 Nxd3 13. Qxd3 e4 14. Nxe4 Nxe4 15.
fxg6 hxg6 16. Re1 Bf5 17. Qd1 Qf6 0-1

[Event "31st Bulgarian Open Chmpionshi"]
[Site "Plovdiv, Bulgaria"]
[Date "2009.02.01"]
[Round "1.14"]
[White "Miljkovic, Miroslav D"]
[Black "Ballas, Athanasios-Panagioti"]
[Result "1-0"]
[WhiteElo "2442"]
[BlackElo "1506"]
[PlyCount "39"]
[EventDate "2009.02.01"]

1. d4 d5 2. c4 e6 3. Nc3 Nf6 4. Bg5 Nbd7 5. e3 c6 6. Nf3 Qa5 7. Nd2 Bb4 8. Qc2
O-O 9. Bxf6 Nxf6 10. Bd3 Bd7 11. O-O Rac8 12. c5 b6 13. Nb3 Bxc3 14. Nxa5 Bxa5
15. Qa4 Rfe8 16. b4 bxc5 17. Qxa5 cxd4 18. exd4 e5 19. dxe5 Rxe5 20. Rfe1 1-0

[Event "31st Bulgarian Open Chmpionshi"]
[Site "Plovdiv, Bulgaria"]
[Date "2009.02.01"]
[Round "1.15"]
[White "Ganev, Nikola"]
[Black "Dochev, Dimitar"]
[Result "0-1"]
[WhiteElo "1502"]
[BlackElo "2433"]
[PlyCount "104"]
[EventDate "2009.02.01"]

1. e4 c5 2. Nf3 Nc6 3. d4 cxd4 4. Nxd4 Nf6 5. Nc3 e5 6. Nb3 Bb4 7. Bd3 d5 8.
exd5 Nxd5 9. Bd2 Nxc3 10. Bxc3 Bxc3+ 11. bxc3 O-O 12. O-O Qc7 13. Re1 b6 14.
Qe2 Re8 15. Nd2 Be6 16. Nf3 f6 17. Qe4 g6 18. Bb5 Rac8 19. a4 Kg7 20. Rad1 Re7
21. Nd2 Nd8 22. c4 Nf7 23. Ba6 Rd8 24. Nf3 Bf5 25. Qe2 Red7 26. Nh4 Be6 27.
Rxd7 Qxd7 28. Bb5 Qb7 29. Qf3 Qc8 30. Qc6 Qxc6 31. Bxc6 Rd4 32. Nf3 Rxc4 33.
Bb5 Rxc2 34. h3 Bd5 35. Rd1 Bxf3 36. gxf3 Rc7 37. Kg2 Kf8 38. Kg3 Ke7 39. f4
Nd6 40. fxe5 fxe5 41. Re1 Kf6 42. Bf1 Rc3+ 43. Kg2 Ra3 44. Rd1 Ke6 45. Rc1 Rxa4
46. Rc7 h5 47. Bd3 e4 48. Bc2 Ra3 49. Rg7 Kf6 50. Rd7 Ke5 51. Rg7 Nf5 52. Rg8
e3 0-1

[Event "31st Bulgarian Open Chmpionshi"]
[Site "Plovdiv, Bulgaria"]
[Date "2009.02.02"]
[Round "2.1"]
[White "Spasov, Vasil"]
[Black "Baninska, Tanja"]
[Result "1-0"]
[WhiteElo "2595"]
[BlackElo "2115"]
[PlyCount "47"]
[EventDate "2009.02.01"]

1. e4 c6 2. d4 d5 3. Nc3 dxe4 4. Nxe4 Bf5 5. Ng3 Bg6 6. h4 h6 7. Nf3 Nd7 8. h5
Bh7 9. Bd3 Bxd3 10. Qxd3 e6 11. Bd2 Qc7 12. O-O-O Ngf6 13. Ne4 Nxe4 14. Qxe4
Nf6 15. Qe2 Be7 16. Ne5 O-O 17. g4 Nd7 18. Nf3 Rfe8 19. g5 hxg5 20. Nxg5 e5 21.
Rdg1 exd4 22. Ne6 fxe6 23. Qxe6+ Kf8 24. Rxg7 1-0

[Event "31st Bulgarian Open Chmpionshi"]
[Site "Plovdiv, Bulgaria"]
[Date "2009.02.02"]
[Round "2.2"]
[White "Kolev, Ivan"]
[Black "Radulski, Julian"]
[Result "0-1"]
[WhiteElo "2120"]
[BlackElo "2579"]
[PlyCount "156"]
[EventDate "2009.02.01"]

1. e4 e5 2. Nf3 Nc6 3. Bb5 a6 4. Bxc6 dxc6 5. d4 exd4 6. Qxd4 Qxd4 7. Nxd4 Bd7
8. Nc3 O-O-O 9. Bd2 Ne7 10. f3 Ng6 11. O-O-O Re8 12. Be3 Ne5 13. Bf4 Bb4 14.
Rhe1 f6 15. Bxe5 Rxe5 16. Rd3 g6 17. Red1 Bd6 18. R3d2 Re7 19. g3 h5 20. Nde2
h4 21. Nf4 Rh6 22. Rg1 hxg3 23. hxg3 g5 24. Nd3 Reh7 25. Re2 Rh1 26. Ree1 Rxg1
27. Rxg1 Be6 28. f4 Bc4 29. e5 Bxd3 30. exd6 Bg6 31. Rf1 gxf4 32. gxf4 Bf5 33.
d7+ Kxd7 34. Ne2 Rh2 35. Nd4 Bg4 36. Rg1 f5 37. Rf1 Kd6 38. Nf3 Bxf3 39. Rxf3
c5 40. c4 Kc6 41. Kb1 Re2 42. Rh3 Re1+ 43. Kc2 Re4 44. Rh6+ Kd7 45. Rh7+ Ke6
46. b3 Rxf4 47. Rxc7 Rf2+ 48. Kd3 Rxa2 49. Rxc5 Rb2 50. Kc3 Rb1 51. Rc8 Rd1 52.
Re8+ Kf7 53. Rh8 Rd7 54. Rh6 Kg7 55. Re6 f4 56. c5 f3 57. Re1 Kg6 58. Rf1 Rf7
59. Kd4 Kg5 60. Ke3 Re7+ 61. Kf2 Kf4 62. Rc1 Re2+ 63. Kf1 Kg3 64. c6 Rh2 65.
Ke1 bxc6 66. Rxc6 Rh1+ 67. Kd2 a5 68. Rg6+ Kf2 69. Rg5 Ra1 70. Rf5 a4 71. bxa4
Rxa4 72. Kd3 Ra3+ 73. Kd2 Kg2 74. Rg5+ Kf1 75. Rg3 Ra2+ 76. Kd1 f2 77. Rg8 Ra7
78. Rd8 Rg7 0-1

[Event "31st Bulgarian Open Chmpionshi"]
[Site "Plovdiv, Bulgaria"]
[Date "2009.02.02"]
[Round "2.3"]
[White "Chatalbashev, Boris"]
[Black "Petkov, Hristo"]
[Result "1-0"]
[WhiteElo "2560"]
[BlackElo "2098"]
[PlyCount "81"]
[EventDate "2009.02.01"]

1. c4 e5 2. g3 Nc6 3. Bg2 d6 4. Nc3 g6 5. e3 Bg7 6. Nge2 f5 7. O-O Nf6 8. d3
O-O 9. Rb1 a5 10. a3 Be6 11. Nd5 Qd7 12. b4 axb4 13. axb4 Kh8 14. b5 Nd8 15.
Bb2 g5 16. Nxf6 Bxf6 17. f4 Qg7 18. Ra1 Rxa1 19. Qxa1 gxf4 20. exf4 e4 21. Bxf6
Qxf6 22. Qxf6+ Rxf6 23. Nc3 exd3 24. Nd5 Rf8 25. Rd1 Bxd5 26. cxd5 Kg7 27. Rxd3
Re8 28. Kf2 Re7 29. Ra3 b6 30. Bh3 Kf6 31. Ra8 Nf7 32. Bf1 Re4 33. Rc8 Re7 34.
Bd3 Nh6 35. h3 Nf7 36. g4 fxg4 37. hxg4 h6 38. Rg8 Rd7 39. Bf5 Rd8 40. Rg6+ Ke7
41. Be6 1-0

[Event "31st Bulgarian Open Chmpionshi"]
[Site "Plovdiv, Bulgaria"]
[Date "2009.02.02"]
[Round "2.4"]
[White "Stojanov, Alexandar"]
[Black "Rusev, Krasimir"]
[Result "0-1"]
[WhiteElo "2099"]
[BlackElo "2546"]
[PlyCount "56"]
[EventDate "2009.02.01"]

1. e4 c5 2. c3 d5 3. Bb5+ Bd7 4. Bxd7+ Qxd7 5. d3 Nc6 6. Nf3 e6 7. Qe2 Nge7 8.
O-O Ng6 9. Re1 Be7 10. e5 O-O 11. a4 h6 12. g3 f6 13. exf6 Rxf6 14. h4 Raf8 15.
h5 Rxf3 16. hxg6 e5 17. Nd2 Rxf2 18. Qxf2 Rxf2 19. Kxf2 Qf5+ 20. Kg2 Qxd3 21.
c4 dxc4 22. Ne4 Nd4 23. Re3 Qc2+ 24. Bd2 Bg5 25. Rc1 Qxb2 26. Rxc4 Bxe3 27.
Rxc5 Nc6 28. Rb5 Qc2 0-1

[Event "31st Bulgarian Open Chmpionshi"]
[Site "Plovdiv, Bulgaria"]
[Date "2009.02.02"]
[Round "2.5"]
[White "Vasilev, Milen"]
[Black "Gocev, Plamen"]
[Result "1-0"]
[WhiteElo "2502"]
[BlackElo "2094"]
[PlyCount "67"]
[EventDate "2009.02.01"]

1. d4 Nf6 2. c4 d5 3. Nf3 e6 4. Nc3 b6 5. Bg5 Be7 6. e3 Bb7 7. cxd5 Nxd5 8.
Bb5+ c6 9. Bxe7 Qxe7 10. Be2 Nxc3 11. bxc3 Nd7 12. O-O O-O 13. a4 a6 14. Rb1
Rab8 15. Bd3 c5 16. Qe2 a5 17. e4 Rfc8 18. Rfd1 c4 19. Bc2 Qa3 20. Qe3 Qd6 21.
Rb5 Bc6 22. Rh5 Nf8 23. Ng5 Qe7 24. Nxh7 f6 25. Nxf8 Rxf8 26. Qh3 Kf7 27. Rh7
Rg8 28. e5 f5 29. d5 Bd7 30. dxe6+ Bxe6 31. Bxf5 Bxf5 32. Qxf5+ Ke8 33. Qg6+
Kf8 34. Rh5 1-0

[Event "31st Bulgarian Open Chmpionshi"]
[Site "Plovdiv, Bulgaria"]
[Date "2009.02.02"]
[Round "2.6"]
[White "Ljangov, Petar"]
[Black "Antic, Dejan"]
[Result "0-1"]
[WhiteElo "2095"]
[BlackElo "2495"]
[PlyCount "80"]
[EventDate "2009.02.01"]

1. Nf3 c5 2. e4 e6 3. b3 d6 4. Bb2 e5 5. g3 Nc6 6. Bg2 g6 7. O-O Bg7 8. c3 Nge7
9. Na3 O-O 10. Nc2 f5 11. d3 h6 12. Ne3 f4 13. Nd5 g5 14. h3 Be6 15. Nxe7+ Qxe7
16. g4 Rad8 17. c4 a6 18. Bc3 b5 19. Qe2 Qf6 20. Rab1 b4 21. Bb2 a5 22. Ne1 a4
23. f3 Ra8 24. Nc2 h5 25. Kf2 Kf7 26. Rh1 Rh8 27. Ke1 hxg4 28. hxg4 Rxh1+ 29.
Bxh1 Rh8 30. Bg2 a3 31. Bc1 Rh2 32. Bd2 Ne7 33. Rd1 Ng6 34. Kf1 Nh4 35. Ne1 Qh6
36. Qf2 Nxg2 37. Nxg2 Qh3 38. Re1 Bxg4 39. Bxf4 exf4 40. fxg4 f3 0-1

[Event "31st Bulgarian Open Chmpionshi"]
[Site "Plovdiv, Bulgaria"]
[Date "2009.02.02"]
[Round "2.7"]
[White "Ostojic, Nikola M"]
[Black "Petrov, Marijan"]
[Result "0-1"]
[WhiteElo "2086"]
[BlackElo "2477"]
[PlyCount "106"]
[EventDate "2009.02.01"]

1. d4 g6 2. c4 Bg7 3. Nc3 c5 4. d5 d6 5. e4 e6 6. Nf3 exd5 7. cxd5 a6 8. a4 Bg4
9. Be2 Bxf3 10. Bxf3 Nd7 11. O-O Ne7 12. Bg5 h6 13. Bh4 O-O 14. Be2 f5 15. exf5
g5 16. Bg3 Nxf5 17. Bg4 Nxg3 18. hxg3 Kh8 19. Be6 Bd4 20. Ne4 Nf6 21. Nc3 Be5
22. f4 Bd4+ 23. Kh2 Qe8 24. Qe2 Qg6 25. f5 Qe8 26. g4 Kg7 27. Rfd1 h5 28. gxh5
g4 29. h6+ Kxh6 30. Rxd4 Qh5+ 31. Kg3 cxd4 32. Ne4 Kg7 33. Nxf6 Rxf6 34. Rd1
Rh8 35. Qxg4+ Qxg4+ 36. Kxg4 Rfh6 37. g3 Rh2 38. b4 Kf6 39. Rxd4 R8h7 40. Rd3
Rb2 41. Rd4 Rg7+ 42. Kh3 Rb3 43. Rg4 Rxg4 44. Kxg4 Rxb4+ 45. Kh5 Rxa4 46. g4
Rf4 47. g5+ Kg7 48. f6+ Kf8 49. Bc8 a5 50. Bxb7 a4 51. Ba6 a3 52. g6 Rxf6 53.
Bc4 Kg7 0-1

[Event "31st Bulgarian Open Chmpionshi"]
[Site "Plovdiv, Bulgaria"]
[Date "2009.02.02"]
[Round "2.8"]
[White "Georgiev, Krum"]
[Black "Elez, Nikola"]
[Result "1/2-1/2"]
[WhiteElo "2465"]
[BlackElo "2078"]
[PlyCount "108"]
[EventDate "2009.02.01"]

1. e4 c5 2. Nf3 d6 3. c3 Nf6 4. Be2 g6 5. O-O Bg7 6. Bb5+ Nbd7 7. Re1 a6 8. Ba4
b5 9. Bc2 Ne5 10. d4 Nxf3+ 11. Qxf3 Bb7 12. Be3 Qc7 13. dxc5 dxc5 14. Nd2 O-O
15. Bf4 Qc6 16. Nb3 a5 17. a4 b4 18. cxb4 axb4 19. Bd3 Ba6 20. Na5 Qe6 21. Bb5
Nd7 22. e5 Bxb5 23. axb5 Nxe5 24. Bxe5 Bxe5 25. g3 Qf6 26. Qxf6 Bxf6 27. Nc4
Rfb8 28. b6 e6 29. Ra7 Bd8 30. Rea1 Rxa7 31. bxa7 Ra8 32. Rd1 Bc7 33. Rd7 Rxa7
34. Kg2 Kg7 35. h4 Bb8 36. Rd8 Rb7 37. b3 h5 38. Kf3 Kf6 39. Ke4 Ke7 40. Rh8
Bc7 41. Ra8 Kf6 42. Ra6 Bb8 43. Ra8 Kg7 44. Ke3 f5 45. f4 Kf6 46. Kf3 Bc7 47.
Rc8 Ke7 48. Rg8 Kf7 49. Ra8 Ke7 50. Rg8 Kf7 51. Ra8 Bb8 52. Ke3 Ke7 53. Na5 Rb5
54. Nc4 Rb7 1/2-1/2

[Event "31st Bulgarian Open Chmpionshi"]
[Site "Plovdiv, Bulgaria"]
[Date "2009.02.02"]
[Round "2.9"]
[White "Dimitrov, Marin"]
[Black "Janev, Evgeni"]
[Result "0-1"]
[WhiteElo "2075"]
[BlackElo "2454"]
[PlyCount "93"]
[EventDate "2009.02.01"]

1. d4 d6 2. c4 g6 3. e4 Bg7 4. Nc3 Nf6 5. Be2 O-O 6. Bg5 Nbd7 7. Qd2 a6 8. Nf3
c5 9. d5 Rb8 10. a4 Re8 11. O-O e6 12. Rfe1 exd5 13. exd5 b6 14. Bd3 Bb7 15. h3
Rxe1+ 16. Rxe1 Qf8 17. g4 Re8 18. b3 Rxe1+ 19. Qxe1 h5 20. gxh5 Nxh5 21. Ne4
Bc8 22. Ng3 Nxg3 23. fxg3 Ne5 24. Nxe5 Bxe5 25. Kg2 Bd7 26. Qe3 Qc8 27. g4 Bxg4
28. hxg4 Qxg4+ 29. Kf1 Qd1+ 30. Kg2 Qxb3 31. Qh3 Qa2+ 32. Kf3 Qxa4 33. Qf1 Qd7
34. Bf4 Bxf4 35. Kxf4 Qe7 36. Qa1 b5 37. Qxa6 Qe5+ 38. Kf3 b4 39. Qc8+ Kg7 40.
Qg4 b3 41. Qg2 Qc3 42. Qe2 b2 43. Kf2 Qc1 44. Qe4 Kf8 45. Ke2 Qc3 46. Kd1 f5
47. Qe3 0-1

[Event "31st Bulgarian Open Chmpionshi"]
[Site "Plovdiv, Bulgaria"]
[Date "2009.02.02"]
[Round "2.10"]
[White "Marholev, Dimitar"]
[Black "Andreev, Sasho"]
[Result "1-0"]
[WhiteElo "2449"]
[BlackElo "2063"]
[PlyCount "47"]
[EventDate "2009.02.01"]

1. e4 c5 2. Nc3 Nc6 3. Bb5 Nd4 4. Bc4 g6 5. Nge2 Bg7 6. O-O e6 7. Nxd4 cxd4 8.
Nb5 Qb6 9. c3 Qc6 10. Bd3 dxc3 11. bxc3 a6 12. a4 Rb8 13. Nd4 Qc7 14. Ba3 Ne7
15. f4 d6 16. f5 exf5 17. exf5 Be5 18. f6 Nc6 19. Nxc6 bxc6 20. Qe2 O-O 21. Kh1
Re8 22. Qe3 Re6 23. Bc4 Rxf6 24. d4 1-0

[Event "31st Bulgarian Open Chmpionshi"]
[Site "Plovdiv, Bulgaria"]
[Date "2009.02.02"]
[Round "2.12"]
[White "Lilov, Valeri"]
[Black "Tiholov, Todor"]
[Result "1/2-1/2"]
[WhiteElo "2443"]
[BlackElo "2056"]
[PlyCount "63"]
[EventDate "2009.02.01"]

1. d4 Nf6 2. Nf3 d5 3. Bg5 e6 4. e3 h6 5. Bh4 Be7 6. Bd3 b6 7. Nbd2 Bb7 8. Ne5
O-O 9. f4 Ne4 10. Bxe7 Qxe7 11. Bxe4 dxe4 12. O-O Nd7 13. c3 Rfd8 14. Rf2 c5
15. Qe2 cxd4 16. exd4 f5 17. Ndc4 Nf6 18. Ne3 Rac8 19. h3 Nd5 20. Kh2 b5 21. a3
a5 22. Nxd5 Rxd5 23. Qe3 Qd8 24. Rd2 Qb6 25. g4 Rf8 26. Rg1 Rxe5 27. fxe5 f4
28. Qe2 e3 29. Rdd1 Qc6 30. g5 f3 31. Qxe3 f2 32. gxh6 1/2-1/2

[Event "31st Bulgarian Open Chmpionshi"]
[Site "Plovdiv, Bulgaria"]
[Date "2009.02.02"]
[Round "2.13"]
[White "Pezelj, Sinisa"]
[Black "Miljkovic, Miroslav D"]
[Result "1/2-1/2"]
[WhiteElo "2056"]
[BlackElo "2442"]
[PlyCount "39"]
[EventDate "2009.02.01"]

1. Nf3 Nf6 2. c4 g6 3. Nc3 Bg7 4. g3 O-O 5. Bg2 d6 6. d4 c6 7. O-O Nbd7 8. e3
e5 9. dxe5 dxe5 10. Qc2 Qe7 11. b3 Re8 12. Bb2 Nc5 13. e4 Qc7 14. b4 Ncd7 15.
c5 a5 16. a3 b6 17. cxb6 Nxb6 18. Nd2 Be6 19. bxa5 Nc4 20. Nd5 1/2-1/2

[Event "31st Bulgarian Open Chmpionshi"]
[Site "Plovdiv, Bulgaria"]
[Date "2009.02.02"]
[Round "2.14"]
[White "Dochev, Dimitar"]
[Black "Stoyanov, Ivaylo"]
[Result "1/2-1/2"]
[WhiteElo "2433"]
[BlackElo "2047"]
[PlyCount "71"]
[EventDate "2009.02.01"]

1. d4 g6 2. e4 Bg7 3. Nc3 c6 4. Bc4 d6 5. Nf3 Nf6 6. Bb3 O-O 7. O-O Qc7 8. a4
Bg4 9. h3 Bxf3 10. Qxf3 Nbd7 11. Bg5 e6 12. Rad1 h6 13. Bh4 d5 14. Rfe1 Rfe8
15. e5 Nh7 16. Qe3 a6 17. f4 b5 18. Bf2 Nb6 19. axb5 axb5 20. Ra1 Nc4 21. Bxc4
bxc4 22. Na4 Ra5 23. b4 cxb3 24. cxb3 Bf8 25. Rac1 Rb8 26. Re2 Rab5 27. Rc3 Qb7
28. Rec2 Rxb3 29. Rxb3 Qxb3 30. Qxb3 Rxb3 31. Rxc6 Rb4 32. Nb6 Rb1+ 33. Kh2 Rb2
34. Kg1 Rb1+ 35. Kh2 Rb2 36. Kg1 1/2-1/2

[Event "31st Bulgarian Open Chmpionshi"]
[Site "Plovdiv, Bulgaria"]
[Date "2009.02.02"]
[Round "2.15"]
[White "Antov, Anton"]
[Black "Dobrev, Nanko"]
[Result "0-1"]
[WhiteElo "2048"]
[BlackElo "2409"]
[PlyCount "98"]
[EventDate "2009.02.01"]

1. e4 c5 2. Nc3 Nc6 3. d3 g6 4. g3 Bg7 5. Bg2 d6 6. Nge2 e6 7. O-O Nge7 8. Be3
O-O 9. Qd2 Nd4 10. Nd1 d5 11. c3 Nxe2+ 12. Qxe2 d4 13. Bd2 dxc3 14. Bxc3 Bd7
15. Bxg7 Kxg7 16. Ne3 Bb5 17. Rfd1 Nc6 18. Qc2 b6 19. Qc3+ Qd4 20. Nc2 Qxc3 21.
bxc3 Rfd8 22. Ne1 Rd7 23. e5 Rc8 24. Bxc6 Bxc6 25. d4 Rcd8 26. Rac1 cxd4 27.
cxd4 Bb7 28. Nc2 Be4 29. Nb4 a5 30. Nc2 Rc8 31. Ne1 Rxc1 32. Rxc1 Rxd4 33. f3
Bd5 34. Rc2 Rd1 35. Kf2 Ra1 36. Rd2 Rxa2 37. Rxa2 Bxa2 38. Ke3 g5 39. f4 Kg6
40. Nf3 h6 41. Nd4 Bc4 42. Kd2 gxf4 43. gxf4 b5 44. Kc3 Kh5 45. Nc6 Kg4 46. Nd8
Kxf4 47. Nxf7 h5 48. Kd4 a4 49. Nd6 a3 0-1